000 00540nam a22001577a 4500
999 _c17233
_d17233
008 180925b xxu||||| |||| 00| 0 eng d
020 _a9966560056
050 _aPE1130
_b.A53 2015 c.1
100 _aAnderson, Jason
245 _aTeaching English in Africa
_bA Guide to the Practice of English Language teaching for Teachers and Trainee Teachers
_cJason Anderson
260 _aNairobi
_bEAEP
_c2015
300 _axv, 272p.
650 _aEnglish Language
_vStudy and Teaching
650 _aEnglish language
_vAfrica
942 _2lcc
_cBK